000 00245nam a2200097 a 4500
005 20200930024528.0
008 110315s2010 000 spa d
245 0 _aUso de los recursos naturales por el hombre.
260 _c2010.
999 _c25852
_d25852
040 _aDO-SdBNP